书目信息 |
| 题名: |
马克思主义文论教程
|
|
| 作者: | 张玉能 主编 | |
| 分册: | ||
| 出版信息: | 武汉 华中师范大学出版社 2005.01 |
|
| 页数: | 386页 | |
| 开本: | 23cm | |
| 丛书名: | 文艺学系列教材 | |
| 单 册: | ||
| 中图分类: | I0-43 | |
| 科图分类: | ||
| 主题词: | 马克思主义--ma ke si zhu yi--文艺理论--高等学校--教材 | |
| 电子资源: | ||
| ISBN: | 7-5622-3026-9 | |
| 000 | 00884nam 2200253 450 | |
| 001 | 012007321201 | |
| 005 | 20070509094048.76 | |
| 010 | @a7-5622-3026-9@dCNY25.00 | |
| 100 | @a20070330d2005 km y0chiy0120 ea | |
| 101 | 0 | @achi |
| 102 | @aCN@b420000 | |
| 105 | @ay a 000yy | |
| 200 | 1 | @a马克思主义文论教程@Ama ke si zhu yi wen lun jiao cheng@f张玉能主编@Fzhang yu neng zhu bian |
| 210 | @a武汉@c华中师范大学出版社@d2005.01 | |
| 215 | @a386页@d23cm | |
| 225 | 2 | @a文艺学系列教材@Awen yi xue xi lie jiao cai |
| 320 | @a有书目 (第382-384页) | |
| 330 | @a本书介绍了马克思主义文论的创立;马克思主义文论在东方的发展;马克思主义文论在西方的拓展三编内容。 | |
| 410 | 0 | @12001 @a文艺学系列教材 |
| 606 | 0 | @a马克思主义@Ama ke si zhu yi@x文艺理论@x高等学校@j教材 |
| 690 | @aI0-43@v4 | |
| 701 | 0 | @a张玉能@Azhang yu neng@4主编 |
| 801 | 0 | @aCN@c20070509 |
| 905 | @a10447@dI0-43@eZ234 | |
| 马克思主义文论教程/张玉能主编.-武汉:华中师范大学出版社,2005.01 |
| 386页;23cm.-(文艺学系列教材) |
| ISBN 7-5622-3026-9:CNY25.00 |
| 本书介绍了马克思主义文论的创立;马克思主义文论在东方的发展;马克思主义文论在西方的拓展三编内容。 |
| ● |
| 相关链接 |
|
|
|
正题名:马克思主义文论教程
索取号:I0-43/Z234
 
预约/预借
| 序号 | 登录号 | 条形码 | 馆藏地/架位号 | 状态 | 备注 |
| 1 | 239229 | 202392295 | 文学库108/108文学库 1排2列4层/ [索取号:I0-43/Z234] | 在馆 | |
| 2 | 239230 | 202392302 | 社科二线400B/400B社科库 20排4列6层/ [索取号:I0-43/Z234] | 在馆 |